International routes from Newark Liberty International Airport (EWR) - Statistics

General Stats
  • This quiz has been taken 95 times
    39 since last reset
  • The average score is 114 of 138
Answer Stats
Airline International Route Country % Correct
United Airlines Amsterdam Netherlands
100%
British Airways | United Airlines London-Heathrow United Kingdom
100%
United Airlines St. John's Antigua and Barbuda
100%
United Airlines St. Kitts St Kitts
100%
United Airlines St Lucia St Lucia
100%
La Compagnie St Maarten Netherlands
100%
United Airlines Barcelona Spain
96%
BermudAir | United Airlines Bermuda United Kingdom
96%
Scandinavian Airlines Copenhagen Denmark
96%
Air India | United Airlines Delhi India
96%
Aer Lingus | United Airlines Dublin Ireland
96%
Lufthansa | United Airlines Frankfurt Germany
96%
United Airlines Geneva Switzerland
96%
Turkish Airlines Istanbul Turkiye
96%
United Airlines Johannesburg-O.R Tambo South Africa
96%
TAP Air Portugal | United Airlines Lisbon Portugal
96%
Iberia | United Airlines Madrid Spain
96%
Aeromexico | United Airlines Mexico City Mexico
96%
La Compagnie | United Airlines Milan-Malpensa Italy
96%
Air India Mumbai-Shivaji India
96%
Lufthansa | United Airlines Munich Germany
96%
Scandinavian Airlines Oslo Norway
96%
United Airlines Palma de Mallorca Spain
96%
Air France | United Airlines Paris-Charles de Gaulle France
96%
French Bee | La Compagnie Paris-Orly France
96%
United Airlines Rome-Fiumicino Italy
96%
United Airlines San Jose Costa Rica
96%
United Airlines San Jose del Cabo Mexico
96%
United Airlines | Volaris El Salvador San Salvador El Salvador
96%
United Airlines Santiago de Compostela Spain
96%
Arajet | JetBlue | United Airlines Santo Domingo Dominican Republic
96%
Air Premia | United Airlines Seoul-Incheon South Korea
96%
Scandinavian Airlines Stockholm-Arlanda Sweden
96%
Porter Airlines Toronto-Billy Bishop Canada
96%
Air Canada | Air Canada Express | United Express Toronto-Pearson Canada
96%
Austrian Airlines Vienna Austria
96%
LOT Polish Airlines Warsaw-Chopin Poland
96%
Swiss International Airlines | United Airlines Zurich Switzerland
96%
Emirates | United Airlines Athens Greece
92%
United Airlines Berlin Germany
92%
Egypt Air Cairo Egypt
92%
Emirates | United Airlines Dubai-International United Arab Emirates
92%
Air Canada Express | Porter Airlines | United Express Montreal-Trudeau Canada
92%
La Compagnie | United Airlines Nice France
92%
Singapore Airlines Singapore Singapore
92%
El Al | United Airlines Tel Aviv Israel
92%
United Airlines Tokyo-Haneda Japan
92%
United Airlines Tokyo-Narita Japan
92%
Air Canada | United Airlines Vancouver Canada
92%
United Airlines Belize City Belize
88%
United Airlines Bogota Colombia
88%
United Airlines Edinburgh United Airlines
88%
United Airlines Guatemala City Guatemala
88%
United Airlines Lima Peru
88%
TAP Air Portugal | United Airlines Porto Portugal
88%
United Airlines Port of Spain Trindad and Tobago
88%
Arajet | JetBlue | United Airlines Punta Cana Dominican Republic
88%
United Express Quebec City Canada
88%
Icelandair | United Airlines Reykjavik-Keflavik Iceland
88%
Ethiopian Airlines Addis Ababa Ethiopia
84%
JetBlue | United Airlines Aruba Netherlands
84%
United Airlines Brussels Belgium
84%
Air Canada Calgary Canada
84%
JetBlue | United Airlines Cancun Mexico
84%
United Airlines Cape Town South Africa
84%
Air Canada Express | United Express Halifax Canada
84%
LOT Polish Airlines Krakow Poland
84%
United Airlines Nassau Bahamas
84%
Porter Airlines Ottawa Canada
84%
United Airlines Panama City-Tocumen Panama
84%
United Airlines Sao Paulo-Guarulhos Brazil
84%
United Airlines Naples Italy
80%
United Airlines Venice Italy
80%
Volaris Guadalajara Mexico
76%
United Airlines Dubrovnik Croatia
72%
United Airlines Glasgow United Kingdom
68%
United Airlines Montego Bay Jamaica
68%
United Airlines Shannon Ireland
68%
United Airlines Curacao Netherlands
64%
United Airlines Malaga Spain
64%
United Airlines Split Croatia
64%
United Airlines Bridgetown Barbados
60%
United Airlines Dominica-Douglas-Charles Dominica
60%
United Airlines Faro Portugal
60%
United Airlines Marrakesh Morocco
60%
United Airlines Palermo Italy
60%
JetBlue Santiago de los Caballeros Dominican Republic
60%
United Airlines Puerto Plata Dominican Republic
56%
United Airlines Puerto Vallarta Mexico
56%
United Airlines Bari Italy
52%
United Airlines Bilbao Spain
52%
United Airlines Nuuk Denmark
52%
United Airlines Liberia Costa Rica
48%
United Airlines San Pedro Sula Honduras
48%
United Airlines Bonaire United Kingdom
44%
United Airlines St Maarten Netherlands
44%
United Airlines Funchal Portugal
40%
United Airlines Ponta Delgada Portugal
40%
United Airlines Providenciales United Kingdom
36%
United Airlines Tulum Mexico
24%
United Airlines Cozumel Mexico
20%
United Airlines Santiago de los Caballeros Dominican Republic
16%
BermudAir Anguilla United Kingdom
12%
LOT Polish Airlines Rzeszow Poland
12%
Volaris Puebla Mexico
8%
No matching quizzes found
Score Distribution
Percent of People with Each Score
Percentile by Number Answered
Your Score History
You have not taken this quiz since the last reset